000 00349cam a2200133ua 4500
041 _ahin
_h
082 _a891.43
_bLAK/BA
100 _aLakshminarayan lal, .
245 _aBaya ka gommasala and samp /
_clakshminarayanlal.
_hTextual Documents
260 _a :
_bNeelab Prakashan ,
_c1950.
300 _a195 ; .
504 _a
999 _c11966
_d11966